Statistiques concernant Tous les niveaux de Super Mario 64

Cliquez ici pour prendre le quiz!

Statistiques générales

  • Ce quiz a été pris 19 fois
  • Le résultat moyen est 11 sur 18

Statistiques - réponses

N° NiveauRéponse% Correct
Niveau 14Horloge Tic-Tac
85%
Niveau 8Sables trop Mouvants
77%
Bowser n°2Bowser des Laves
69%
Niveau 6Caverne Brumeuse
69%
Niveau 11Monde Trempé-Séché
69%
Niveau 4Montagne Gla-Gla
69%
Niveau 3Baie des Pirates
62%
Bowser n°3Bowser des Cieux
62%
Bowser n°1Bowser des Ténèbres
62%
Niveau 7Laves Fatales
62%
Niveau 1Bataille de Bob-Omb
54%
Niveau 15Course Arc-en-ciel
54%
Niveau 2Forteresse de Whomp
54%
Niveau 9Affreux Bassin
46%
Niveau 13Île Grands-Petits
46%
Niveau 12Trop Haute Montagne
46%
Niveau 10Chez le Roi des Neiges
38%
Niveau 5Manoir de Big Boo
31%

Distribution des résultats

Percentile par nombre de réponses

% des personnes avec chaque résultat

Votre développement - résultats

Vous n’avez pas pris ce quiz